000 00286nam a2200109Ia 4500
008 200302s9999 xx 000 0 und d
100 _aD. A. C. A. Boyne & Others
245 _aArchitects Working Details Vol 4
260 _bThe Architectural Press Ltd.
260 _c1977
300 _a160 P.,
999 _c174
_d174